Microelectronics Circuit Analysis and Design. (Record no. 6002)

MARC details
005 - DATE AND TIME OF LATEST TRANSACTION
control field 20250628123540.0
020 ## - INTERNATIONAL STANDARD BOOK NUMBER
International Standard Book Number 0-07-252362-X
082 ## - DEWEY DECIMAL CLASSIFICATION NUMBER
Classification number LM621.381 NEA
100 ## - MAIN ENTRY--PERSONAL NAME
Author name NEAMEN, D. A.
245 ## - TITLE STATEMENT
Title Microelectronics Circuit Analysis and Design.
250 ## - EDITION STATEMENT
Edition statement 3rd Ed.
260 ## - PUBLICATION, DISTRIBUTION, ETC.
Place of publication, distribution, etc. New York,
Name of publisher, distributor, etc. McGraw Hill,
Date of publication, distribution, etc. 2007.
300 ## - PHYSICAL DESCRIPTION
Extent xxi, 1370p.: ill.; figure
Other physical details Index
Dimensions 30cm
942 ## - ADDED ENTRY ELEMENTS (KOHA)
Source of classification or shelving scheme Dewey Decimal Classification
Koha item type Books
Holdings
Date last seen Total checkouts Full call number Barcode Cost, replacement price Price effective from Koha item type Lost status Source of classification or shelving scheme Damaged status Not for loan Withdrawn status Home library Current library Shelving location Date acquired Cost, normal purchase price
06/28/2025   LM 621.381 NEA DOM0002126 195000.00 06/28/2025 Books   Dewey Decimal Classification       CBE Dodoma CBE Dodoma General Collection 12/08/2010 65000.00